000 00277nam a22001097a 4500
008 170120b xxu||||| |||| 00| 0 eng d
020 _a9780135103517
041 _aeng
080 _a618.2
245 _aNURSING/ A CONCEPT BASED APPTOACH TO LEARNING
_cCAROLINA, N
942 _2udc
_cBK
999 _c3325
_d3325